| 000 | 01130nam a2200301Ia 4500 | ||
|---|---|---|---|
| 001 | Para_8820 | ||
| 003 | CHAP | ||
| 008 | 220125s2003 xx 000 0 und d | ||
| 010 | _a207583 | ||
| 040 | _cCHAP | ||
| 090 | _aPA TESIS 1783 | ||
| 100 |
_aHernández Vital, Elvia Azucena _954738 |
||
| 245 |
_aCapacidad depreddora de Chrysoperia rufilabris (Burmeister) (Neuróptera : _bChrysopidae) en el control de cinco especies de afidos de importancia económica, bajo condiciones de laboratorio en Chapingo, México / _cpor Elvia Azucena Hernández Vital |
||
| 260 |
_aChapingo, Méx. : _b el autor |
||
| 300 | _a58 h. | ||
| 502 | _aTesis (Ing. Agr. Esp. en Parasitología Agrícola) -- UACh. Departamento Parasitología Agrícola | ||
| 650 |
_aAfididos _91031 |
||
| 650 |
_aChrysoperla rufilabris _9174138 |
||
| 650 |
_aControl biológico de plagas _927587 |
||
| 710 |
_aUACh. Departamento Parasitología Agrícola _9164025 |
||
| 901 | _aPA TESIS 1783 | ||
| 902 | _aA | ||
| 905 | _a0000002003 adn 0000000000 00 | ||
| 910 | _a2003 | ||
| 942 | _cPARA | ||
| 942 |
_cPARA _d1 |
||
| 999 |
_c207583 _d207583 |
||